| 000 | 00685nam a2200157 a 4500 | ||
|---|---|---|---|
| 008 | 101102s2006 ||||||||||||||||| || | | ||
| 050 | _aCBU-SB(05)JB | ||
| 100 | _aMaliti, Biemba | ||
| 245 | 1 | 0 | _aAnalyzing the effects of the macro-environment and firm strategy on organizational performance in the Zambian food and beverage industry |
| 260 |
_aKitwe _bCopperbelt University School of Business _c2006 |
||
| 300 | _a81-97pp. | ||
| 350 | _a0.00 | ||
| 650 | _aFOOD INDUSTRY AND TRADE--COST CONTROL | ||
| 650 | 0 | _aBUSINESS | |
| 995 |
_D0.00 _FCBU-MAIN LIBRARY (Kitwe) _H1 _I0.00 _M1 _UAVAILABLE _WNov 2, 2010 _ZZambiana Collection |
||
| 999 |
_c34383 _d34383 |
||